HTML, JavaScript, and advanced Internet technologies basics

Tallennettuna:
Bibliografiset tiedot
Päätekijä: Barksdale, Karl
Aineistotyyppi: Kirja
Kieli:Undetermined
Julkaistu: Boston, MA. Thomson/Course Technology 2006
Aiheet:
Tagit: Lisää tagi
Ei tageja, Lisää ensimmäinen tagi!
Thư viện lưu trữ: Trung tâm Học liệu Trường Đại học Cần Thơ
LEADER 00683nam a2200181Ia 4500
001 CTU_128969
008 210402s9999 xx 000 0 und d
020 |c 825000 
082 |a 005.72 
082 |b B256 
100 |a Barksdale, Karl 
245 0 |a HTML, JavaScript, and advanced Internet technologies basics 
245 0 |c Karl Barksdale and E. Shane Turner 
260 |a Boston, MA. 
260 |b Thomson/Course Technology 
260 |c 2006 
650 |a Java ( Computer program language ),HTML ( Document markup language ),Java ( Ngôn ngữ lập trình máy tính ),HTML ( Ngôn ngữ siêu văn bản ) 
980 |a Trung tâm Học liệu Trường Đại học Cần Thơ